[Event "11th American Continental Women 2018"]
[Site "Envigado"]
[Date "2018.11.24"]
[Round "9"]
[White "Marrero Lopez, Yaniet"]
[Black "Fernandez, Maria Florencia"]
[Result "1/2-1/2"]
[WhiteElo "2253"]
[BlackElo "2198"]
[Annotator "NA"]
[PlyCount "64"]
[EventDate "2018.11.17"]
[EventType "swiss"]
[EventRounds "9"]
[EventCountry "COL"]
[SourceTitle "playchess.com"]
[Source "ChessBase"]
[SourceQuality "1"]
[TimeControl "40/5400+30:1800+30"]

1. e4 {[%emt 0:00:18]} e6 {[%emt 0:00:00]} 2. d4 {[%emt 0:00:06]} d5 {[%emt 0:00:00]} 3. e5 {[%emt 0:00:06]} c5 {[%emt 0:00:07]} 4. c3 {[%emt 0:00:07]} Nc6 {[%emt 0:00:26]} 5. Nf3 {[%emt 0:00:13]} Bd7 {[%emt 0:00:27]} 6. a3 {[%emt 0:00:17]} f6 {[%emt 0:00:23]} 7. Bd3 {[%emt 0:00:32]} Qc7 {[%emt 0:00:21]} 8. Qe2 {[%emt 0:00:55]} c4 {[%emt 0:17:10]} 9. Bc2 {[%emt 0:00:22]} O-O-O {[%emt 0:00:05]} 10. O-O {[%emt 0:05:39]} Nh6 {[%emt 0:07:50]} 11. Bxh6 {[%emt 0:05:28]} gxh6 {[%emt 0:00:02]} 12. exf6 {[%emt 0:00:08]} Bd6 {[%emt 0:02:25]} 13. Nbd2 {[%emt 0:00:29]} Rdf8 {[%emt 0:01:15]} 14. Rae1 {[%emt 0:11:21]} Rxf6 {[%emt 0:02:09]} 15. Ne5 {[%emt 0:00:26]} Bxe5 {[%emt 0:12:25]} 16. dxe5 {[%emt 0:00:12]} Rf7 {[%emt 0:00:52]} 17. Qe3 {[%emt 0:11:24]} Rg7 {[%emt 0:09:58]} 18. f4 {[%emt 0:25:14]} Re8 {[%emt 0:07:14]} 19. Nf3 {[%emt 0:01:17]} Kb8 {[%emt 0:03:33]} 20. Nd4 {[%emt 0:00:11]} Nxd4 {[%emt 0:04:38]} 21. Qxd4 {[%emt 0:00:02]} Bc6 {[%emt 0:05:23]} 22. Re3 {[%emt 0:01:46]} Reg8 {[%emt 0:01:40]} 23. Rf2 {[%emt 0:02:00]} Rg4 {[%emt 0:00:21]} 24. Bd1 {[%emt 0:00:26]} R4g6 {[%emt 0:02:07]} 25. Bh5 {[%emt 0:01:00]} R6g7 {[%emt 0:00:03]} 26. Rh3 {[%emt 0:01:35]} Qe7 {[%emt 0:00:57]} 27. Bd1 {[%emt 0:08:16]} Rg6 {[%emt 0:02:48]} 28. Bc2 {[%emt 0:02:30]} Rg4 {[%emt 0:00:03]} 29. Bd1 {[%emt 0:00:49]} R4g6 {[%emt 0:00:04]} 30. Bc2 {[%emt 0:04:09]} Rg4 {[%emt 0:00:05]} 31. Bd1 {[%emt 0:03:15]} R4g6 32. g4 Bd7 1/2-1/2

[Event "11th American Continental Women 2018"]
[Site "Envigado"]
[Date "2018.11.24"]
[Round "9"]
[White "Ortiz Verdesoto, Anahi"]
[Black "Rivera, Ingris"]
[Result "1/2-1/2"]
[WhiteElo "2115"]
[BlackElo "2188"]
[Annotator "TA"]
[PlyCount "186"]
[EventDate "2018.11.17"]
[EventType "swiss"]
[EventRounds "9"]
[EventCountry "COL"]
[SourceTitle "playchess.com"]
[Source "ChessBase"]
[SourceQuality "1"]

{[%evp 18,186,45,41,45,37,61,45,53,50,56,-10,36,-6,0,-7,0,-2,-2,0,8,0,27,21,69,27,74,44,60,42,46,46,46,35,54,-20,-11,-62,-32,-54,-40,-63,-83,-69,-77,-140,-142,-95,0,0,12,8,16,0,0,0,0,0,69,0,656,325,373,0,345,343,337,341,321,343,324,312,618,620,643,522,514,473,1037,651,1172,1162,1126,1102,2536,2510,2463,2235,2316,1293,2068,1899,2187,2210,1873,1765,1471,1490,1572,1488,5193,5161,5149,4976,2676,2552,2344,2643,6095,4710,6219,6671,29971,29972,29980,29981,29981,29975,29981,29944,29943,29951,29957,29956,29949,29960,29953,29954,29970,29970,29957,12172,29958,29959,29963,29960,29963,29958,12832,12763,12164,7094,6218,6013,5640,5593,5192,5167,1693,135,135,135,135,0,135,0,135,135,135,135,135,135,135,135,135,60,135,135,135,135,146]} 1. d4 Nf6 2. c4 g6 3. Nc3 Bg7 4. e4 d6 5. Nge2 O-O 6. Ng3 c5 7. d5 e6 8. Bd3 a6 {E70: King's Indian: Miscellaneous lines with 4 e4, including 5 Nge2 and 5 Bd3 0-0 6 Nge2} 9. a4 Nbd7 10. O-O {LiveBook: 3 Games} Qc7 $146 {White is slightly better.} ({Predecessor:} 10... e5 11. a5 Kh8 12. Be3 Ng8 13. Qd2 Ne7 14. Na4 f5 15. exf5 Nxf5 {1-0 (42) Moiseenko,A (2703)-Sharafiev,A (2451) Loo 2013}) 11. Be3 Rb8 12. f3 Re8 13. Qd2 exd5 14. exd5 (14. cxd5 $14 h5 15. Be2) 14... Ng4 15. Bf4 (15. Bg5 $5 {[%cal Rf3g4]} Bd4+ 16. Kh1 $14) 15... Nge5 16. Rfe1 f5 17. Bg5 {With the idea f4.} Rf8 $1 18. Bf1 Nb6 19. b3 Bd7 20. Bh6 $36 {[%mdl 2048] White is pushing.} Be8 21. Rab1 Qf7 22. Bg5 Nc8 23. Kh1 Bd7 24. b4 f4 25. Nge4 h6 26. bxc5 (26. Bh4 $14) 26... hxg5 $11 27. c6 (27. cxd6 $11 g4 28. Be2) 27... Bf5 $15 28. Nxg5 Qc7 29. Rxb7 Rxb7 30. cxb7 Qxb7 31. Qxf4 (31. Nce4 $142) 31... Bh6 $1 $17 {aiming for ...Qb2.} 32. Qh4 Qg7 (32... Bxg5 $1 $17 33. Qxg5 Qb4) 33. Nce4 $1 $11 Bxe4 34. Nxe4 g5 35. Qh3 g4 36. fxg4 Nxg4 {Hoping for ...Bd2!} 37. Be2 Ne3 ({Black should play} 37... Rf4 $11 38. Bxg4 Rxe4 39. Be6+ Kh8) 38. Bd3 (38. g4 $1 $14 Nc2 39. Rd1) 38... Qd4 $2 {[%mdl 8192]} (38... Ng4 $11) 39. Qe6+ (39. Qxh6 $142 Qxd3 40. Nf6+ Kf7 41. Nh7) 39... Kg7 $18 40. Nf2 $2 ({Only move:} 40. Nc5 $1 $18 {White wants to mate with Qg6+.} Qf6 41. Qe4) 40... Rxf2 $4 {[%mdl 8192]} (40... Rf6 $1 $11 {and Black is okay.} 41. Qe4 Qxe4 42. Nxe4 Rf7) 41. Qg6+ Kf8 42. Qxh6+ Qg7 43. Qxg7+ Kxg7 44. Rxe3 {[%mdl 4096] Endgame KRB-KRN} Ra2 $2 (44... a5 45. Be2 Nb6) 45. h4 Rxa4 46. Kh2 Nb6 47. Re6 a5 (47... Nxc4 $142 48. h5 Kf8) 48. Rxd6 Nxc4 49. Bxc4 Rxc4 {KR-KR} 50. Kh3 a4 51. Ra6 Rd4 52. g3 Kf7 53. Kg2 Rd2+ 54. Kf3 Rd3+ 55. Kf4 a3 56. g4 Rd4+ 57. Kf3 Rd3+ 58. Ke4 Rg3 59. Kf4 Rd3 60. h5 {[%cal Bh4h5,Bh5h6][%mdl 32]} Rd4+ 61. Kg3 Rd3+ 62. Kh4 Kg7 63. h6+ Kh7 64. g5 Rxd5 65. Rxa3 Rd1 66. Ra7+ Kg6 67. Rg7+ Kf5 68. Rf7+ Kg6 {[#]} 69. Rf6+ $1 Kh7 70. Kg4 Rg1+ 71. Kf5 Rf1+ {[#]} 72. Ke6 $1 Re1+ 73. Kf7 Rg1 74. Rf5 (74. g6+ $142 Kxh6 75. Rf3 Rc1 76. Rh3+ Kg5 77. g7 Rc7+ 78. Kg8 Kf6 79. Kh8 Rxg7 80. Rf3+ Ke5 81. Kxg7) 74... Rg2 75. Kf6 Rg1 76. Rf4 Rg2 77. Kf5 Rg1 78. Rf2 Ra1 79. Rf3 Rg1 80. Re3 Rf1+ 81. Kg4 Rg1+ 82. Rg3 Ra1 83. Kf5 $2 (83. Rd3 $18 {Black must now prevent Rd7+.} Rg1+ 84. Kh4 Rh1+ 85. Rh3) 83... Ra5+ $16 84. Kf4 {Threatens to win with g6+.} Ra4+ 85. Kf5 {Strongly threatening g6+.} Ra5+ 86. Kg4 (86. Kf6 $16 {White threatens g6+ and mate.} Ra6+ 87. Ke7) 86... Kg6 (86... Ra1 $1 $11 {keeps the balance.}) 87. Kf4 Ra4+ 88. Kf3 Ra3+ 89. Kg2 Ra2+ 90. Kh3 Ra1 91. Kh4 (91. Rg4 $16) 91... Ra4+ ({Better is} 91... Ra5 $1 $14) 92. Rg4 Ra1 93. Kg3 Kh7 {Precision: White = 53%, Black = 34%.} 1/2-1/2

[Event "11th American Continental Women 2018"]
[Site "Envigado"]
[Date "2018.11.24"]
[Round "9"]
[White "Besso, Guadalupe"]
[Black "Franco Valencia, Beatriz Irene"]
[Result "1/2-1/2"]
[WhiteElo "2069"]
[BlackElo "2191"]
[Annotator "NA"]
[PlyCount "82"]
[EventDate "2018.11.17"]
[EventType "swiss"]
[EventRounds "9"]
[EventCountry "COL"]
[SourceTitle "playchess.com"]
[Source "ChessBase"]
[SourceQuality "1"]
[TimeControl "40/5400+30:1800+30"]

1. d4 {[%emt 0:00:00]} d6 {[%emt 0:00:00]} 2. Nf3 {[%emt 0:00:00]} Bg4 {[%emt 0:00:00]} 3. c4 {[%emt 0:00:00]} Nd7 {[%emt 0:00:07]} 4. Bg5 {[%emt 0:15:23]} h6 {[%emt 0:04:04]} 5. Bf4 {[%emt 0:04:13]} g5 {[%emt 0:03:54]} 6. Bc1 {[%emt 0:01:39]} Bg7 {[%emt 0:00:15]} 7. Nc3 {[%emt 0:01:53]} e5 {[%emt 0:06:05]} 8. dxe5 {[%emt 0:09:29]} dxe5 {[%emt 0:02:20]} 9. h4 {[%emt 0:06:23]} gxh4 {[%emt 0:14:15]} 10. Nxh4 {[%emt 0:07:32]} Ne7 {[%emt 0:05:38]} 11. Qc2 {[%emt 0:00:31]} Nc5 {[%emt 0:08:30]} 12. g3 {[%emt 0:13:33]} Qd7 {[%emt 0:03:58]} 13. Bg2 {[%emt 0:01:49]} Nf5 {[%emt 0:03:47]} 14. Nxf5 {[%emt 0:06:24]} Bxf5 {[%emt 0:00:06]} 15. Qd2 {[%emt 0:00:43]} c6 {[%emt 0:04:48]} 16. Qxd7+ {[%emt 0:00:07]} Bxd7 {[%emt 0:02:14]} 17. Be3 {[%emt 0:04:43]} Ne6 {[%emt 0:01:03]} 18. Ne4 {[%emt 0:00:08]} Ke7 {[%emt 0:01:03]} 19. Nc5 {[%emt 0:05:01]} Nd4 {[%emt 0:03:52]} 20. Bxd4 {[%emt 0:01:22]} exd4 {[%emt 0:00:04]} 21. O-O-O {[%emt 0:00:54]} Be6 {[%emt 0:07:57]} 22. b3 {[%emt 0:02:09]} Rab8 {[%emt 0:01:35]} 23. Rhe1 {[%emt 0:03:19]} Kd6 {[%emt 0:07:08]} 24. Nxe6 {[%emt 0:06:43]} fxe6 {[%emt 0:00:18]} 25. e3 {[%emt 0:00:16]} c5 {[%emt 0:01:48]} 26. exd4 {[%emt 0:00:25]} Bxd4 {[%emt 0:01:13]} 27. Bh3 Rbe8 {[%emt 0:00:44]} 28. f4 {[%emt 0:05:26]} Rhg8 {[%emt 0:01:24]} 29. g4 {[%emt 0:01:14]} e5 {[%emt 0:02:04]} 30. fxe5+ {[%emt 0:00:29]} Rxe5 {[%emt 0:00:06]} 31. Rxe5 {[%emt 0:00:05]} Kxe5 {[%emt 0:00:05]} 32. Rf1 {[%emt 0:00:07]} Be3+ {[%emt 0:01:34]} 33. Kc2 {[%emt 0:00:51]} Rg7 {[%emt 0:03:47]} 34. Rf5+ {[%emt 0:00:19]} Kd6 {[%emt 0:00:08]} 35. Kd3 {[%emt 0:01:06]} Bd4 {[%emt 0:00:37]} 36. Rh5 {[%emt 0:00:30]} Rg6 {[%emt 0:00:22]} 37. Bg2 {[%emt 0:00:13]} b6 {[%emt 0:01:06]} 38. Be4 {[%emt 0:01:18]} Rxg4 {[%emt 0:02:00]} 39. Rxh6+ {[%emt 0:00:03]} Kc7 {[%emt 0:00:56]} 40. Rh7+ {[%emt 0:00:00]} Rg7 {[%emt 0:00:00]} 41. Rxg7+ {[%emt 0:00:18]} Bxg7 {[%emt 0:00:00]} 1/2-1/2